| 000 | 00727nam a2200229Ia 4500 | ||
|---|---|---|---|
| 003 | OSt | ||
| 005 | 20240729143314.0 | ||
| 008 | 210716s2012 xx 000 0 und d | ||
| 020 | _a9788132206729 | ||
| 040 | _cAIMIT LIBRARY | ||
| 041 | _aeng | ||
| 082 |
_a005.73 _23 _bDINP |
||
| 100 |
_aDiniz, Paulo S R. _9168211 |
||
| 245 |
_aAdaptive filtering : _balgorithms and practical implementation / _cby Paulo S.R.Diniz. |
||
| 250 | _a3rd ed. | ||
| 260 |
_aNew Delhi : _bSpringer , _c2012. |
||
| 300 |
_axxiv,627 p.; _bPB _c24 cm. |
||
| 650 |
_aData selective adaptive filtering _9168212 |
||
| 650 |
_aFast transversal RLS algorithms _9168213 |
||
| 650 |
_aAdaptive IIR filters _9168214 |
||
| 942 |
_2ddc _cBK _e3rd ed. _k005.73 DINP |
||
| 999 |
_c194385 _d194385 |
||